[Event "12. Open Internacional Málaga"]
[Site "Malaga ESP"]
[Date "2009.07.14"]
[Round "5.15"]
[White "Fierro Baquero, Martha L"]
[Black "Vinas Guerrero, Carlos A"]
[Result "1-0"]
[WhiteElo "2394"]
[BlackElo "2104"]
[PlyCount "129"]
[EventDate "2009.07.11"]
[EventType "swiss"]
[EventRounds "9"]
[EventCountry "ESP"]
[Source "lmi"]
[SourceDate "2009.07.11"]

1. e4 e5 2. Nf3 d6 3. d4 exd4 4. Nxd4 Nf6 5. Nc3 Be7 6. g3 d5 7. e5 Ng4 8. f4
c5 9. Ndb5 a6 10. Na3 d4 11. Ne4 f5 12. exf6 Nxf6 13. Nxf6+ gxf6 14. Qh5+ Kd7
15. Bg2 Qe8 16. Qf3 Bd6+ 17. Kf2 Qf7 18. b3 Nc6 19. Nc4 Kc7 20. Ba3 Be6 21.
Nxd6 Kxd6 22. f5 Bd5 23. Qf4+ Kd7 24. Bxc5 Bxg2 25. Qd6+ Kc8 26. Kxg2 Rd8 27.
Qe6+ Qxe6 28. fxe6 Rd5 29. Ba3 b5 30. Rhf1 b4 31. Bb2 f5 32. Rad1 Ra7 33. Rfe1
Re7 34. Re2 Rd6 35. Rde1 Nd8 36. Kf2 Rexe6 37. a3 bxa3 38. Bxa3 Rc6 39. Bb2
Rxe2+ 40. Rxe2 Ne6 41. Rd2 a5 42. Ke2 a4 43. bxa4 Rc4 44. a5 Kb7 45. Kd1 Kc6
46. a6 Kb6 47. Re2 Rc6 48. Re5 Kxa6 49. Rxf5 Kb6 50. Rd5 Rc4 51. Rd6+ Rc6 52.
Bxd4+ Nxd4 53. Rxd4 Rf6 54. Ke2 Re6+ 55. Kf3 Kc5 56. Rd7 h6 57. g4 Rf6+ 58. Kg3
Kc6 59. Rd2 Kc5 60. Kh4 Rf3 61. h3 Re3 62. Rd3 Re6 63. Kh5 Kc4 64. h4 Rf6 65.
Rd8 1-0

[Event "12. Open Internacional Málaga"]
[Site "Malaga ESP"]
[Date "2009.07.14"]
[Round "5.16"]
[White "Cruz Ravina, Francisco Javier"]
[Black "Guadamuro Torrente, Ana Isabel"]
[Result "1-0"]
[WhiteElo "2345"]
[BlackElo "2136"]
[PlyCount "99"]
[EventDate "2009.07.11"]
[EventType "swiss"]
[EventRounds "9"]
[EventCountry "ESP"]
[Source "lmi"]
[SourceDate "2009.07.11"]

1. e4 e5 2. Nf3 Nc6 3. Bc4 Bc5 4. b4 Bxb4 5. c3 Be7 6. d4 Nf6 7. dxe5 Ng4 8.
Qd5 O-O 9. h3 Nh6 10. Bf4 d6 11. exd6 Bxd6 12. Bg5 Qe8 13. Bxh6 gxh6 14. Bd3
Ne5 15. Nxe5 Qxe5 16. Qxe5 Bxe5 17. O-O b6 18. f4 Bg7 19. e5 Bb7 20. Na3 Rad8
21. Rad1 a6 22. Nc2 Rfe8 23. Ne3 Kf8 24. Bc4 Kg8 25. Bd5 c6 26. Bb3 Bf8 27. Ng4
Bc5+ 28. Kh2 Kg7 29. Nf6 Rf8 30. Nd7 Rfe8 31. Nxc5 bxc5 32. Rxd8 Rxd8 33. Rd1
Rxd1 34. Bxd1 a5 35. Bf3 Bc8 36. Bxc6 h5 37. Kg3 Be6 38. a4 Bc4 39. Kh4 Kh6 40.
Bf3 Bf1 41. Bxh5 Kg7 42. Bf3 Bc4 43. g4 Bd3 44. Kg3 Kf8 45. f5 Ke7 46. Bd5 Kf8
47. Kf4 Kg7 48. h4 h6 49. g5 hxg5+ 50. Kxg5 1-0

[Event "12. Open Internacional Málaga"]
[Site "Malaga ESP"]
[Date "2009.07.14"]
[Round "5.17"]
[White "Garrido Dominguez, Jesus"]
[Black "Gutierrez Castillo, Paloma"]
[Result "1-0"]
[WhiteElo "2333"]
[BlackElo "2132"]
[PlyCount "83"]
[EventDate "2009.07.11"]
[EventType "swiss"]
[EventRounds "9"]
[EventCountry "ESP"]
[Source "lmi"]
[SourceDate "2009.07.11"]

1. e4 e5 2. Nf3 Nc6 3. Bb5 Nf6 4. O-O Nxe4 5. d4 Nd6 6. Bxc6 dxc6 7. dxe5 Nf5
8. Qxd8+ Kxd8 9. b3 Ne7 10. Bb2 h6 11. Nc3 Ng6 12. Ne4 c5 13. h3 Be6 14. Nfd2
Nf4 15. Kh2 Be7 16. Rad1 Kc8 17. Nc4 b6 18. Ne3 h5 19. g3 Nxh3 20. f4 Bg4 21.
Nxg4 hxg4 22. Kg2 Rd8 23. Rxd8+ Kxd8 24. Bc1 f5 25. exf6 Bxf6 26. Nd2 Kd7 27.
Nc4 Bd4 28. c3 Bxc3 29. Ne3 Bd4 30. Nxg4 Ng1 31. Re1 a5 32. Be3 Re8 33. Kxg1 a4
34. Kf2 axb3 35. Bxd4 Rxe1 36. Kxe1 cxd4 37. axb3 Kc6 38. Kd2 Kb5 39. Ne5 Kb4
40. Kc2 c5 41. f5 b5 42. Nd3+ 1-0

[Event "12. Open Internacional Málaga"]
[Site "Malaga ESP"]
[Date "2009.07.14"]
[Round "5.18"]
[White "Ramos Moreno, Francisco Jose"]
[Black "Gavilan Diaz, Mario"]
[Result "0-1"]
[WhiteElo "2103"]
[BlackElo "2280"]
[PlyCount "44"]
[EventDate "2009.07.11"]
[EventType "swiss"]
[EventRounds "9"]
[EventCountry "ESP"]
[Source "lmi"]
[SourceDate "2009.07.11"]

1. e3 e5 2. Nf3 e4 3. Nd4 c5 4. Nb3 d5 5. d4 exd3 6. cxd3 Nf6 7. d4 c4 8. N3d2
Bd6 9. Be2 O-O 10. O-O Re8 11. b3 cxb3 12. Qxb3 Nc6 13. Ba3 Nxd4 14. exd4 Rxe2
15. Nf3 Bxa3 16. Qxa3 Bf5 17. Ne5 Qb6 18. Qe7 Qxd4 19. Qxf7+ Kh8 20. Qxb7 Rxe5
21. Nc3 Rae8 22. Nb5 Qxa1 0-1

[Event "12. Open Internacional Málaga"]
[Site "Malaga ESP"]
[Date "2009.07.14"]
[Round "5.20"]
[White "Ladron De Guevara Pinto, Paolo"]
[Black "Quillan, Gary"]
[Result "0-1"]
[WhiteElo "2020"]
[BlackElo "2405"]
[PlyCount "142"]
[EventDate "2009.07.11"]
[EventType "swiss"]
[EventRounds "9"]
[EventCountry "ESP"]
[Source "lmi"]
[SourceDate "2009.07.11"]

1. e4 e6 2. Nf3 d5 3. Nc3 Nf6 4. e5 Nfd7 5. d4 c5 6. dxc5 Nxc5 7. Be2 Nc6 8.
O-O Be7 9. Bf4 O-O 10. Bg3 f5 11. exf6 Bxf6 12. Re1 Ne4 13. Bd3 Nxg3 14. hxg3
g6 15. Qe2 a6 16. a4 Qd6 17. Ra3 Bd7 18. Rb3 Rab8 19. Qf1 Rf7 20. Rd1 Qc5 21.
Be2 Nb4 22. Rd2 Rbf8 23. Bd1 Bc8 24. Qe1 Nc6 25. Ra3 b5 26. axb5 axb5 27. Ra8
b4 28. Na4 Qb5 29. Rxc8 Rxc8 30. Qxe6 Rcc7 31. b3 Ne7 32. Ne5 Bxe5 33. Qxe5 Qc6
34. Bf3 Rf5 35. Qd4 Qd6 36. g4 Re5 37. g3 Re1+ 38. Kg2 Re5 39. Qf4 Re6 40. Qxd6
Rxd6 41. Nb2 Kg7 42. Nd3 Nc6 43. Nf4 d4 44. g5 Rcd7 45. Nd3 Rd8 46. Bxc6 Rxc6
47. Nxb4 Rc5 48. Nd3 Rxg5 49. Nf4 Kf6 50. c3 Rb5 51. Rxd4 Rxd4 52. cxd4 Rxb3
53. Nd5+ Kf5 54. Ne3+ Ke4 55. d5 Rd3 56. Ng4 h5 57. Ne3 g5 58. Nf1 Kxd5 59. Nh2
Ke4 60. Nf1 Rd7 61. Nh2 Rf7 62. Nf1 Kd3 63. Nh2 Ke2 64. f3 Rf8 65. f4 g4 66.
Nf1 Ra8 67. Nh2 Ra1 68. f5 Ra5 69. f6 Rf5 70. Kg1 Rxf6 71. Kg2 Ra6 0-1

[Event "12. Open Internacional Málaga"]
[Site "Malaga ESP"]
[Date "2009.07.14"]
[Round "5.21"]
[White "Corrales Ibanez, Pedro Luis"]
[Black "Valmana Canto, Jaime"]
[Result "0-1"]
[WhiteElo "2010"]
[BlackElo "2348"]
[PlyCount "102"]
[EventDate "2009.07.11"]
[EventType "swiss"]
[EventRounds "9"]
[EventCountry "ESP"]
[Source "lmi"]
[SourceDate "2009.07.11"]

1. e4 c5 2. d4 cxd4 3. c3 Nf6 4. e5 Nd5 5. Nf3 Nc6 6. Bc4 e6 7. O-O Nb6 8. Bb3
d5 9. cxd4 Bd7 10. Nc3 Rc8 11. Bc2 Be7 12. Re1 a6 13. a3 Na7 14. Bd3 Nc4 15.
Bxc4 Rxc4 16. Be3 O-O 17. Nd2 Rc8 18. Rc1 Qb6 19. Qb3 Qxb3 20. Nxb3 b6 21. Ne2
a5 22. Rxc8 Rxc8 23. Rc1 a4 24. Rxc8+ Bxc8 25. Nd2 b5 26. Nc3 Bd7 27. Kf1 b4
28. axb4 Bxb4 29. Ndb1 Nc8 30. Ke2 Nb6 31. Kd3 f6 32. Na2 Be7 33. Nd2 Kf7 34.
Kc3 Bb5 35. f4 Kg6 36. Nc1 Kf5 37. Nd3 Bxd3 38. Kxd3 Bb4 39. Nf3 Nc4 40. Bc1
Kg4 41. Ng1 Be7 42. Ne2 h5 43. Nc3 Nb6 44. Nb5 h4 45. Nc7 Kf5 46. Ne8 Bf8 47.
h3 Nc4 48. Nc7 a3 49. bxa3 Bxa3 50. Bxa3 Nxa3 51. Ke3 Nc2+ 0-1

[Event "12. Open Internacional Málaga"]
[Site "Malaga ESP"]
[Date "2009.07.14"]
[Round "5.23"]
[White "Delgado Lozano, Jose Manuel"]
[Black "Claros Egea, Christian"]
[Result "0-1"]
[WhiteElo "2010"]
[BlackElo "2281"]
[PlyCount "106"]
[EventDate "2009.07.11"]
[EventType "swiss"]
[EventRounds "9"]
[EventCountry "ESP"]
[Source "lmi"]
[SourceDate "2009.07.11"]

1. d4 d5 2. Nf3 Nf6 3. c4 e6 4. Nc3 Nbd7 5. Bg5 c6 6. e3 Bb4 7. a3 Bxc3+ 8.
bxc3 Qa5 9. Qb3 Ne4 10. Qb4 Qxb4 11. cxb4 Nxg5 12. Nxg5 a6 13. cxd5 cxd5 14.
Be2 Nb6 15. Rc1 f6 16. Nf3 Bd7 17. O-O Ke7 18. Nd2 Nc8 19. a4 Bxa4 20. Rc7+ Bd7
21. Rxb7 Nd6 22. Rb6 Bb5 23. Bxb5 axb5 24. Nb3 Rhc8 25. Nc5 Ra2 26. Rb1 Rc7 27.
f3 f5 28. h3 Rca7 29. Rc1 Re2 30. Nd3 Nc4 31. Rxb5 Rxe3 32. Nc5 Re2 33. Nd3 g5
34. Re1 Rxe1+ 35. Nxe1 Ra1 36. Kf2 Rd1 37. Rb7+ Kd6 38. Rxh7 Rxd4 39. Rg7 Rd2+
40. Kf1 Ne3+ 41. Kg1 Re2 42. Rxg5 Rxe1+ 43. Kf2 Nc2 44. b5 Rb1 45. h4 Rxb5 46.
h5 Rb8 47. g4 Rf8 48. Kg3 d4 49. h6 Rh8 50. Rg6 d3 51. Kf2 f4 52. g5 Nd4 53.
Rg7 d2 0-1

[Event "12. Open Internacional Málaga"]
[Site "Malaga ESP"]
[Date "2009.07.14"]
[Round "5.24"]
[White "Jimenez Ruiz, Jose Carlos"]
[Black "Lasinskas, Povilas"]
[Result "0-1"]
[WhiteElo "1985"]
[BlackElo "2268"]
[PlyCount "74"]
[EventDate "2009.07.11"]
[EventType "swiss"]
[EventRounds "9"]
[EventCountry "ESP"]
[Source "lmi"]
[SourceDate "2009.07.11"]

1. c4 Nf6 2. g3 c5 3. Bg2 Nc6 4. Nc3 b6 5. a3 e6 6. e3 Bb7 7. Nge2 Qc8 8. O-O
Ne5 9. d3 Nf3+ 10. Kh1 h5 11. Nf4 Ne5 12. h4 Be7 13. e4 Nfg4 14. Nh3 d6 15. f4
Nc6 16. f5 Nce5 17. fxe6 fxe6 18. Qe2 Qd7 19. Bg5 O-O-O 20. Rf4 Bf6 21. Raf1
Rdf8 22. Qd2 Rf7 23. Ne2 Rhf8 24. b3 Ng6 25. R4f3 N6e5 26. Rf4 d5 27. cxd5 exd5
28. Bxf6 gxf6 29. d4 dxe4 30. Qc1 Nd3 31. Qc4 Ne3 32. Qc3 Nxg2 33. Kxg2 e3+ 34.
Kh2 Qd5 35. Rg1 Nxf4 36. Nhxf4 Qf3 37. dxc5 Qf2+ 0-1

[Event "12. Open Internacional Málaga"]
[Site "Malaga ESP"]
[Date "2009.07.14"]
[Round "5.25"]
[White "Dominguez Garcia, Juan Antonio"]
[Black "Montero Melendez, Rafael"]
[Result "0-1"]
[WhiteElo "1984"]
[BlackElo "2249"]
[PlyCount "78"]
[EventDate "2009.07.11"]
[EventType "swiss"]
[EventRounds "9"]
[EventCountry "ESP"]
[Source "lmi"]
[SourceDate "2009.07.11"]

1. e4 d6 2. d4 Nf6 3. Nc3 g6 4. f4 Bg7 5. Nf3 c5 6. d5 O-O 7. Be2 b5 8. Qd3 b4
9. Nd1 Ba6 10. Qe3 Bb7 11. Nf2 Re8 12. O-O e6 13. dxe6 Rxe6 14. Ng5 Re7 15. e5
Nd5 16. Qh3 h6 17. Nge4 dxe5 18. Nxc5 Bc6 19. f5 Nf4 20. Bxf4 exf4 21. Bf3 Qb6
22. fxg6 Qxc5 23. Qc8+ Re8 24. gxf7+ Kxf7 25. Qc7+ Re7 26. Qxf4+ Kg8 27. Rad1
Nd7 28. Kh1 Rf8 29. Qg3 Bxf3 30. gxf3 Qe5 31. Qh4 Rf4 32. Ng4 Qg5 33. Qg3 Rf8
34. f4 Qh5 35. Rd6 Kh7 36. Qd3+ Qf5 37. Qh3 Qe4+ 38. Kg1 Bd4+ 39. Nf2 Rg8+ 0-1

[Event "12. Open Internacional Málaga"]
[Site "Malaga ESP"]
[Date "2009.07.14"]
[Round "5.26"]
[White "Naranjo Moreno, Antonio"]
[Black "Garzon Rodriguez, Jose Manuel"]
[Result "1-0"]
[WhiteElo "2244"]
[BlackElo "1905"]
[PlyCount "61"]
[EventDate "2009.07.11"]
[EventType "swiss"]
[EventRounds "9"]
[EventCountry "ESP"]
[Source "lmi"]
[SourceDate "2009.07.11"]

1. e4 e6 2. d4 b6 3. Bd3 Bb7 4. Be3 g6 5. Nd2 Bg7 6. f4 d6 7. Ngf3 Ne7 8. h4 h5
9. Qe2 a5 10. c3 Nd7 11. O-O-O Qc8 12. Kb1 Ba6 13. c4 Qb7 14. Ng5 Nf8 15. f5 e5
16. fxg6 Nexg6 17. d5 f6 18. Nh3 O-O-O 19. g4 Kb8 20. gxh5 Ne7 21. Rdf1 Nd7 22.
Rhg1 Bf8 23. Nf2 c6 24. Nd1 cxd5 25. exd5 f5 26. Bxf5 Nc5 27. Bxc5 bxc5 28. Bd3
a4 29. Rf7 a3 30. Ne4 Bh6 31. Nxc5 1-0

[Event "12. Open Internacional Málaga"]
[Site "Malaga ESP"]
[Date "2009.07.14"]
[Round "5.27"]
[White "Fernandez Garcia, Francisco Jos"]
[Black "Cuenca Jimenez, Francisco Javier"]
[Result "0-1"]
[WhiteElo "1913"]
[BlackElo "2174"]
[PlyCount "162"]
[EventDate "2009.07.11"]
[EventType "swiss"]
[EventRounds "9"]
[EventCountry "ESP"]
[Source "lmi"]
[SourceDate "2009.07.11"]

1. e4 d5 2. d4 dxe4 3. Nc3 Nf6 4. f3 e3 5. Bxe3 Bf5 6. Bd3 Bxd3 7. Qxd3 c6 8.
O-O-O e6 9. g4 Be7 10. g5 Nd5 11. Nxd5 cxd5 12. h4 Nc6 13. c3 Qa5 14. Kb1 O-O-O
15. Ne2 Kb8 16. Nc1 Qc7 17. f4 g6 18. Rhf1 Bd6 19. Nb3 Ne7 20. Nc5 Nf5 21. Bf2
Bxc5 22. dxc5 Rhe8 23. Bd4 Ka8 24. b4 a6 25. a4 Rc8 26. Rd2 Ne7 27. Be5 Qc6 28.
b5 Qxc5 29. bxa6 Qc4 30. axb7+ Kxb7 31. Rb2+ Ka6 32. Qd1 Nc6 33. Qe2 Na5 34.
Rd1 Qxe2 35. Rxe2 Nc4 36. Kc2 Re7 37. Bf6 Rb7 38. Ree1 Rb2+ 39. Kd3 Rf2 40. Kd4
Rxf4+ 41. Kd3 Nb2+ 42. Kc2 Nxd1 43. Rxd1 Re4 44. Kd3 Rb8 45. Bd4 e5 46. Bc5 Rb2
47. Rf1 Rf4 48. Re1 Rf3+ 49. Be3 f5 50. gxf6 Rxf6 51. h5 gxh5 52. Rh1 Rf3 53.
Rxh5 d4 54. cxd4 Rb3+ 55. Kc4 Rfxe3 56. dxe5 Rh3 57. Rf5 Rbf3 58. Rg5 Rf4+ 59.
Kd5 Rxa4 60. Kd6 Rd4+ 61. Ke7 h5 62. e6 Re4 63. Kd7 Rd3+ 64. Ke7 h4 65. Rh5
Rde3 66. Kf7 Kb6 67. Kf6 Rf4+ 68. Ke7 Kc6 69. Rh6 Rfe4 70. Kf8 Rf4+ 71. Ke7 h3
72. Kd8 Rd3+ 73. Ke8 Re3 74. e7+ Kc5 75. Rh5+ Kd4 76. Kd8 Rfe4 77. Rh6 Kd3 78.
Ra6 Rxe7 79. Ra2 Rh7 80. Ra3+ Ke2 81. Ra2+ Kf3 0-1

[Event "12. Open Internacional Málaga"]
[Site "Malaga ESP"]
[Date "2009.07.14"]
[Round "5.28"]
[White "Roman Lopez, Jesus"]
[Black "Schmidt, Ralf"]
[Result "0-1"]
[WhiteElo "1892"]
[BlackElo "2171"]
[PlyCount "91"]
[EventDate "2009.07.11"]
[EventType "swiss"]
[EventRounds "9"]
[EventCountry "ESP"]
[Source "lmi"]
[SourceDate "2009.07.11"]

1. e4 e6 2. d4 d5 3. exd5 exd5 4. Bd3 c5 5. c3 Nc6 6. Nf3 c4 7. Bc2 Bd6 8. O-O
Bg4 9. Re1+ Nge7 10. Bg5 f6 11. Bh4 Qd7 12. Nbd2 O-O-O 13. b3 cxb3 14. Nxb3 Nf5
15. Qd3 Nce7 16. Bg3 Nxg3 17. hxg3 Bf5 18. Qd2 Nc6 19. Bxf5 Qxf5 20. a4 Rde8
21. a5 Rxe1+ 22. Rxe1 Bc7 23. a6 b6 24. Qe2 Qd7 25. Nfd2 h5 26. Qf3 h4 27. g4
Kd8 28. c4 Nb4 29. cxd5 Qxd5 30. Qxd5+ Nxd5 31. Nf3 Kd7 32. Nc1 Kc6 33. Nd3 Kb5
34. Ra1 Bd6 35. Nd2 Re8 36. f3 Nc7 37. Ne4 Bf8 38. Nf4 Bb4 39. d5 g5 40. Nd3
Nxd5 41. Rb1 Re6 42. Kf2 Kc4 43. Nxb4 Nxb4 44. Nd2+ Kc3 45. Ne4+ Kc4 46. Nd2+
0-1

[Event "12. Open Internacional Málaga"]
[Site "Malaga ESP"]
[Date "2009.07.14"]
[Round "5.32"]
[White "Jurado Vazquez, Jose Carlos"]
[Black "Nava Baro, Enrique"]
[Result "0-1"]
[WhiteElo "1963"]
[BlackElo "2201"]
[PlyCount "108"]
[EventDate "2009.07.11"]
[EventType "swiss"]
[EventRounds "9"]
[EventCountry "ESP"]
[Source "lmi"]
[SourceDate "2009.07.11"]

1. c4 e6 2. d4 d5 3. Nf3 c6 4. e3 Nf6 5. Nbd2 Nbd7 6. Bd3 Bd6 7. O-O O-O 8. Qc2
h6 9. b3 e5 10. dxe5 Nxe5 11. Nxe5 Bxe5 12. Rb1 Qe7 13. Nf3 Bd6 14. h3 c5 15.
Bb2 dxc4 16. bxc4 Re8 17. Rfe1 Ne4 18. Ba1 b6 19. Rbd1 Bc7 20. Bxe4 Qxe4 21.
Qc3 f6 22. Qd3 Qxd3 23. Rxd3 Be6 24. Rc1 Rad8 25. Rxd8 Rxd8 26. Kf1 Bxc4+ 27.
Rxc4 Rd1+ 28. Ke2 Rxa1 29. Rc2 Kf8 30. Kd3 Ke8 31. Ke4 Rd1 32. h4 g6 33. Rd2
Rxd2 34. Nxd2 h5 35. a4 Kd7 36. Kd5 f5 37. Nf3 Bd6 38. g3 a6 39. Ng5 Be7 40.
Nf7 Bf6 41. Nd6 Bc3 42. e4 fxe4 43. Nxe4 Bd4 44. f3 Ke7 45. g4 Bf6 46. g5 Bd4
47. Nd6 Bf2 48. Nc8+ Kf7 49. Nxb6 Bxh4 50. f4 Bf2 51. Nd7 Bd4 52. Ke4 h4 53.
Nb6 Ke6 54. Nc4 h3 0-1

[Event "12. Open Internacional Málaga"]
[Site "Malaga ESP"]
[Date "2009.07.14"]
[Round "5.33"]
[White "Illescas Lopez, Antonio"]
[Black "Teijeiro Barros, Alberto"]
[Result "0-1"]
[WhiteElo "1841"]
[BlackElo "2198"]
[PlyCount "56"]
[EventDate "2009.07.11"]
[EventType "swiss"]
[EventRounds "9"]
[EventCountry "ESP"]
[Source "lmi"]
[SourceDate "2009.07.11"]

1. e4 c5 2. Nf3 e6 3. d3 Nc6 4. g3 d5 5. Nbd2 g6 6. Bg2 Bg7 7. O-O Nge7 8. c3
b5 9. Re1 O-O 10. e5 f6 11. exf6 Bxf6 12. Nf1 e5 13. Bg5 Qd6 14. h3 Bxg5 15.
Nxg5 Qf6 16. Qd2 Kg7 17. Re2 Bf5 18. g4 Bxd3 19. Nxh7 Kxh7 20. Qxd3 c4 21. Qe3
e4 22. Nh2 Rae8 23. f3 d4 24. cxd4 Nxd4 25. Rf2 Nd5 26. Qa3 e3 27. Rff1 e2 28.
Rfe1 Qb6 0-1

[Event "12. Open Internacional Málaga"]
[Site "Malaga ESP"]
[Date "2009.07.14"]
[Round "5.34"]
[White "Osuna Vega, Enrique"]
[Black "Bolle, Leendert"]
[Result "1-0"]
[WhiteElo "2113"]
[BlackElo "1963"]
[PlyCount "123"]
[EventDate "2009.07.11"]
[EventType "swiss"]
[EventRounds "9"]
[EventCountry "ESP"]
[Source "lmi"]
[SourceDate "2009.07.11"]

1. d4 Nf6 2. Nf3 g6 3. c4 Bg7 4. Nc3 O-O 5. e4 d6 6. Bg5 h6 7. Bh4 c6 8. Be2 a6
9. a4 Qa5 10. O-O e5 11. Rb1 Nbd7 12. b4 Qc7 13. Qd2 Re8 14. dxe5 dxe5 15. Rfd1
Bf8 16. Ne1 Kg7 17. Nc2 a5 18. b5 Nc5 19. Qe3 Ne6 20. Qf3 Nd7 21. Rd2 Bc5 22.
Rbd1 Nd4 23. Nxd4 Bxd4 24. Bf1 Qd6 25. Ne2 c5 26. Nc3 Nb6 27. Kh1 Rf8 28. Nd5
f6 29. Qb3 Bd7 30. Bd3 g5 31. Bg3 h5 32. f3 h4 33. Be1 f5 34. exf5 Bxf5 35.
Bxf5 Rxf5 36. Ne3 Rf7 37. Qd3 Qg6 38. Qe2 Nxa4 39. Ra2 Nc3 40. Bxc3 Bxc3 41.
Nd5 Bd4 42. h3 b6 43. Rf1 Re8 44. Re1 Rd7 45. Qe4 Re6 46. Rae2 Qxe4 47. fxe4 a4
48. Ra2 Ra7 49. Rf1 a3 50. Rf3 Bb2 51. Rb3 Rf7 52. Kg1 Kg6 53. Rbxb2 axb2 54.
Rxb2 g4 55. hxg4 Kg5 56. Ra2 Rg7 57. Ra8 Kxg4 58. Rb8 Rgg6 59. Kh2 Rh6 60. Rf8
h3 61. Rg8+ Kh5 62. Rf8 1-0

[Event "12. Open Internacional Málaga"]
[Site "Malaga ESP"]
[Date "2009.07.14"]
[Round "5.35"]
[White "Garcia Rodriguez, Victor"]
[Black "Antunez Munoz, Juan Jesus"]
[Result "1-0"]
[WhiteElo "2090"]
[BlackElo "1699"]
[PlyCount "117"]
[EventDate "2009.07.11"]
[EventType "swiss"]
[EventRounds "9"]
[EventCountry "ESP"]
[Source "lmi"]
[SourceDate "2009.07.11"]

1. e4 c5 2. Nf3 g6 3. d4 cxd4 4. Nxd4 Nc6 5. Nc3 Bg7 6. Be3 Nf6 7. Bc4 O-O 8.
Bb3 d6 9. f3 Bd7 10. Qd2 Qa5 11. O-O-O Rfc8 12. Kb1 Ne5 13. Bh6 Bxh6 14. Qxh6
Rxc3 15. bxc3 Qxc3 16. h4 Ba4 17. Qd2 Qxd2 18. Rxd2 Bxb3 19. cxb3 Nfd7 20. Rc1
Nc5 21. a3 a5 22. Ka2 Kf8 23. Nb5 a4 24. Nd4 Ned3 25. Rh1 axb3+ 26. Nxb3 Nb4+
27. Kb2 Nbd3+ 28. Kc2 Rxa3 29. Nxc5 Nxc5 30. Kb2 Rb3+ 31. Ka2 b5 32. Rb1 Rxb1
33. Kxb1 b4 34. e5 dxe5 35. Rd5 Ne6 36. Rxe5 Nd4 37. Re4 Nf5 38. Rxb4 Kg7 39.
Kc1 Ne3 40. Kd2 Nf5 41. Ke2 h6 42. Kf2 g5 43. hxg5 hxg5 44. Rb5 Kg6 45. Rb6+ e6
46. Rb8 Ne7 47. Ke3 f5 48. Ra8 Nd5+ 49. Kd4 Nf4 50. Ra2 Kf6 51. Rc2 Nd5 52. g3
f4 53. g4 Ne3 54. Rh2 e5+ 55. Ke4 Nc4 56. Rc2 Nd6+ 57. Kd5 Nf7 58. Rc6+ Ke7 59.
Rc7+ 1-0

[Event "12. Open Internacional Málaga"]
[Site "Malaga ESP"]
[Date "2009.07.14"]
[Round "5.37"]
[White "Jimenez Capilla, Jose Alfonso"]
[Black "Velasco Gomez, Esperanza"]
[Result "1-0"]
[WhiteElo "2023"]
[BlackElo "1851"]
[PlyCount "65"]
[EventDate "2009.07.11"]
[EventType "swiss"]
[EventRounds "9"]
[EventCountry "ESP"]
[Source "lmi"]
[SourceDate "2009.07.11"]

1. d4 Nf6 2. Nf3 g6 3. e3 Bg7 4. Bd3 O-O 5. O-O d6 6. b3 Nbd7 7. Bb2 c5 8. Nbd2
Qc7 9. c4 b6 10. Rc1 Bb7 11. Bb1 e5 12. d5 Rae8 13. Ne1 e4 14. g3 Bc8 15. Ng2
Re7 16. f4 Rfe8 17. g4 Nf8 18. h3 Nxg4 19. Bxg7 Nxe3 20. Nxe3 Kxg7 21. h4 h5
22. f5 Nh7 23. Qe2 Re5 24. Qg2 Nf6 25. Rf4 Ng4 26. Nxg4 hxg4 27. fxg6 f5 28.
Nxe4 Kxg6 29. Ng3 Re1+ 30. Rxe1 Rxe1+ 31. Rf1 Re5 32. Nxf5 Bxf5 33. Qxg4+ 1-0

[Event "12. Open Internacional Málaga"]
[Site "Malaga ESP"]
[Date "2009.07.14"]
[Round "5.39"]
[White "Jimenez Capilla, Martin R"]
[Black "Gonzalez Lopez, Jose Antonio"]
[Result "1-0"]
[WhiteElo "1984"]
[BlackElo "1780"]
[PlyCount "83"]
[EventDate "2009.07.11"]
[EventType "swiss"]
[EventRounds "9"]
[EventCountry "ESP"]
[Source "lmi"]
[SourceDate "2009.07.11"]

1. e4 e6 2. d4 d5 3. Nd2 c5 4. Ngf3 cxd4 5. Nxd4 dxe4 6. Nxe4 e5 7. Nb5 Qxd1+
8. Kxd1 Kd7 9. Bc4 a6 10. Nbc3 f5 11. Ng5 Nh6 12. Ke2 Nc6 13. Ne6 Nd4+ 14. Nxd4
exd4 15. Rd1 Bc5 16. Bxh6 gxh6 17. Nd5 Kc6 18. Nf4 Bd7 19. Kd3 Rad8 20. Re1
Rhe8 21. Be6 Kd6 22. Bxd7 Kxd7 23. Rxe8 Rxe8 24. Ne2 Re4 25. Ng3 Re5 26. a3 Kd6
27. Nf1 Ba7 28. Nd2 Kd5 29. Nf3 Re4 30. Re1 Bb6 31. Re2 Ba7 32. Nd2 Rxe2 33.
Kxe2 Bb8 34. g3 h5 35. f4 h4 36. Kd3 hxg3 37. hxg3 h5 38. Nf3 Ba7 39. Nxd4 Bxd4
40. c4+ Kd6 41. Kxd4 b6 42. b4 1-0

[Event "12. Open Internacional Málaga"]
[Site "Malaga ESP"]
[Date "2009.07.14"]
[Round "5.41"]
[White "Escalante Ortega, Fernando"]
[Black "Palomo Leon, Juan Antonio"]
[Result "0-1"]
[WhiteElo "1865"]
[BlackElo "1980"]
[PlyCount "142"]
[EventDate "2009.07.11"]
[EventType "swiss"]
[EventRounds "9"]
[EventCountry "ESP"]
[Source "lmi"]
[SourceDate "2009.07.11"]

1. e4 c6 2. d4 d5 3. Nc3 dxe4 4. Nxe4 Nd7 5. Nf3 Ngf6 6. Ng3 e6 7. Bd3 c5 8.
O-O cxd4 9. Nxd4 Bc5 10. Nf3 O-O 11. Ng5 Qc7 12. N3e4 Bb6 13. Qf3 h6 14. Nxf6+
Nxf6 15. Nh3 e5 16. Bf5 e4 17. Bxe4 Bg4 18. Qd3 Rad8 19. Bf4 Qc8 20. Bxb7 Qxb7
21. Qg3 Bxh3 22. Qxh3 Qe4 23. Be3 Ng4 24. Bxb6 axb6 25. Rae1 Qf4 26. g3 Qf3 27.
Qg2 Qxg2+ 28. Kxg2 Rd2 29. h3 Nf6 30. Rc1 Rc8 31. c3 Rxb2 32. Rb1 Rxa2 33. Rxb6
Rxc3 34. Rb4 Nd5 35. Rb8+ Kh7 36. Kg1 Rcc2 37. Rb3 Rd2 38. Rf3 Nf6 39. Kg2 Nd5
40. g4 f6 41. Kg3 Rac2 42. h4 Nc3 43. Kg2 Nd1 44. Kg3 Kg8 45. h5 Kf7 46. Kg2 g6
47. hxg6+ Kxg6 48. Kg3 Rb2 49. Kg2 Kg5 50. Kg3 Rxf2 51. R1xf2 Rxf2 52. Rd3 Rf1
53. Rd5+ Kg6 54. Rd3 Nb2 55. Rb3 Nc4 56. Kg2 Rd1 57. Rc3 Ne5 58. Rg3 Rd4 59.
Kh3 Rd3 60. Rxd3 Nxd3 61. Kh4 Ne5 62. Kg3 Kg5 63. Kh3 Nxg4 64. Kg3 f5 65. Kh3
f4 66. Kg2 h5 67. Kh3 f3 68. Kg3 f2 69. Kg2 Kf4 70. Kf1 Ke3 71. Kg2 Ke2 0-1

[Event "12. Open Internacional Málaga"]
[Site "Malaga ESP"]
[Date "2009.07.14"]
[Round "5.42"]
[White "Hulligan, Steve"]
[Black "Dominguez Garcia, Francisco"]
[Result "0-1"]
[WhiteElo "1860"]
[BlackElo "1956"]
[PlyCount "54"]
[EventDate "2009.07.11"]
[EventType "swiss"]
[EventRounds "9"]
[EventCountry "ESP"]
[Source "lmi"]
[SourceDate "2009.07.11"]

1. e4 d5 2. exd5 Nf6 3. d4 Bg4 4. Be2 Bxe2 5. Nxe2 Qxd5 6. O-O Nc6 7. Nbc3 Qh5
8. Bf4 O-O-O 9. Ng3 Qh4 10. Nge2 Nxd4 11. Nxd4 Qxf4 12. Ncb5 Rd7 13. Qf3 Rxd4
14. Nxd4 Qxd4 15. Rad1 Qb6 16. Rd3 e6 17. Rfd1 Bd6 18. Rb3 Qc6 19. Qd3 Rd8 20.
Kh1 Be7 21. Qe2 Rxd1+ 22. Qxd1 Nd5 23. Rg3 Bf6 24. c3 Nf4 25. Qd2 Be5 26. Rf3
Qe4 27. Qd1 g5 0-1

[Event "12. Open Internacional Málaga"]
[Site "Malaga ESP"]
[Date "2009.07.14"]
[Round "5.43"]
[White "Goetzee, Rick"]
[Black "Bellon Fernandez, Javier"]
[Result "1-0"]
[WhiteElo "1949"]
[BlackElo "1863"]
[PlyCount "53"]
[EventDate "2009.07.11"]
[EventType "swiss"]
[EventRounds "9"]
[EventCountry "ESP"]
[Source "lmi"]
[SourceDate "2009.07.11"]

1. d4 d5 2. c4 e6 3. Nc3 c6 4. Nf3 dxc4 5. a4 Bb4 6. e3 b5 7. axb5 cxb5 8. Bd2
Bxc3 9. Bxc3 a5 10. b3 Bb7 11. bxc4 b4 12. Bb2 Nf6 13. Bd3 O-O 14. O-O Nbd7 15.
Re1 Re8 16. e4 Nb6 17. e5 Nfd7 18. Bc1 h6 19. Bc2 Nxc4 20. Qd3 Ncb6 21. Qh7+
Kf8 22. Qh8+ Ke7 23. Qxg7 Rg8 24. Qxh6 Bxf3 25. Bg5+ f6 26. Qh7+ Kf8 27. Bh6+
1-0